Napäťovo-deformačná analýza cestného mosta

Gespeichert in:
Bibliographische Detailangaben
1. Verfasser: Sen, Onur (Verfasst von)
Weitere Verfasser: Garan, Martin (Betreuung Doktorarbeit)
Format: Manuskript Buch
Sprache:Slowakisch
Englisch
Veröffentlicht: 2016
Schlagworte:
Online-Zugang:http://is.stuba.sk/zp/portal_zp.pl?podrobnosti=113405
Tags: Tag hinzufügen
Keine Tags, Fügen Sie das erste Tag hinzu!

MARC

LEADER 00000ntm a22000003a 4500
001 stuzp49775
003 SK-STU
005 20160723210057.4
007 ta
008 150427s2015----xo-----f-mn---000-0-slo-d
040 |a STU  |b slo 
041 0 |a eng 
100 1 |a Sen, Onur  |u 020010  |4 aut  |U SjF Strojnícka fakulta  |T SjF Ústav aplikovanej mechaniky a mechatroniky  |X 65789  |U J0010  |Y 801  |7 65789 
242 0 1 |a Napäťovo-deformačná analýza cestného mosta  |y slo 
245 1 0 |a Napäťovo-deformačná analýza cestného mosta 
260 |c 2016 
650 4 |a ANSYS  |2 slo 
650 4 |a cestný most  |2 slo 
650 4 |a MKP  |2 slo 
650 4 |a FEM analyses  |2 eng 
650 4 |a ANSYS  |2 eng 
650 4 |a roadway bridge  |2 eng 
700 1 |a Garan, Martin  |u 020010  |k Z1  |4 ths  |U SjF Strojnícka fakulta  |T SjF Ústav aplikovanej mechaniky a mechatroniky  |X 10008  |U J0010  |Y 801  |7 A000010008 
856 4 |u http://is.stuba.sk/zp/portal_zp.pl?podrobnosti=113405